| 000 | 00581nam a2200241Ia 4500 | ||
|---|---|---|---|
| 008 | 170203s9999 xx 000 0 und d | ||
| 020 | _a189976254x | ||
| 050 | _a551.6 | ||
| 050 | _bAl416h 2002 | ||
| 100 | _aAllaby, Michael. | ||
| 245 | 4 | _aThe world's weather / | |
| 245 | _cMichael Allaby. | ||
| 260 | _aLondon : | ||
| 260 | _bHorus Editions, | ||
| 260 | _c2002 | ||
| 300 | _a46 pages : | ||
| 300 | _bcolor illustrations ; | ||
| 300 | _c31 cm. | ||
| 440 | _a How it works. | ||
| 650 | _aWeather -- | ||
| 650 | _aWeather. | ||
| 650 | _xJuvenile literature. | ||
| 999 |
_c305722 _d305722 |
||